Nihon Kyōsantō no seisaku /

Saved in:
Bibliographic Details
Corporate Author: Nihon Kyōsantō. Senden Kyōiku Bunkabu.
Format: Book
Language:Japanese
Published: Tōkyō : Nihon Kyōsantō Chūō Iinkai Shuppanbu : hatsubaimoto Nihon Kyōsantō Chūō Iinkai Kikanshi Keieikyoku, 1962.
Subjects:
Tags: Add Tag
No Tags, Be the first to tag this record!
LEADER 01093cam a2200241 a 4500
001 007743530-3
005 20024617120653.0
008 940819s1962 ja 000 0 jpn d
035 0 |a ocm30983651 
040 |a CLSU  |c CLSU  |d *YNH*  |d CStRLIN 
043 |a a-ja--- 
245 0 0 |6 880-01  |a Nihon Kyōsantō no seisaku /  |c Nihon Kyōsantō Chūō Iinkai Senden Kyōiku Bunkabu hen. 
260 |6 880-02  |a Tōkyō :  |b Nihon Kyōsantō Chūō Iinkai Shuppanbu :  |b hatsubaimoto Nihon Kyōsantō Chūō Iinkai Kikanshi Keieikyoku,  |c 1962. 
300 |a 229 p. ;  |c 19 cm. 
610 2 0 |6 880-03  |a Nihon Kyōsantō  |x Platforms. 
650 0 |a Communism  |z Japan. 
710 2 |6 880-04  |a Nihon Kyōsantō.  |b Senden Kyōiku Bunkabu. 
880 0 0 |6 245-01  |a 日本共産党の政策 /  |c 日本共産党中央委員会宣伝教育文化部編. 
880 |6 260-02  |a 東京 :  |b 日本共産党中央委員会出版部 :  |b 発売元日本共産党中央委員会機関紙経営局,  |c 1962. 
880 2 0 |6 610-03  |a 日本共産党  |x Platforms. 
880 2 |6 710-04  |a 日本共産党.  |b 宣伝教育文化部. 
988 |a 20021217 
906 |0 OCLC